| 000 | 03281cam a22012374i 4500 | ||
|---|---|---|---|
| 003 | PE-LiUPU | ||
| 005 | 20250813185607.0 | ||
| 008 | 150706s2007 mx rb 000 0 spa d | ||
| 035 | _a(Sirsi) a50099 | ||
| 040 |
_aPE-LiUPU _bspa _cPE-LiUPU _dPE-LiUPU _erda |
||
| 049 | _aPRUA | ||
| 082 | 0 | 4 |
_a362.76 _bM1 _221 |
| 245 | 0 | 0 |
_aMaltrato infantil / _ceditor, Christine Wekerle. |
| 264 | 1 |
_aMéxico : _bEl Manual Moderno, _c2007. |
|
| 300 |
_a127 páginas ; _c23 centímetros |
||
| 336 |
_atext _2rdacontent |
||
| 337 |
_aunmediated _2rdamedia |
||
| 338 |
_avolume _2rdacarrier |
||
| 500 | _aEn la cubierta: Avances en psicoterapia : práctica basada en evidencia. | ||
| 504 | _aBibliografía: páginas 87-91. | ||
| 505 | 0 | _aDescripción -- Teorías y modelos de los efectos del maltrato infantil -- diagnóstico e indicaciones para el trtamiento -- Tratamiento: Intervención de las víctimas de maltrato infantil -- Viñeta de caso -- Lecturas adicionales -- Referencias -- Apéndice: herramientas y recursos. | |
| 526 | _aP202 | ||
| 526 | _aP201 | ||
| 526 | _aP163 | ||
| 526 | _aP162 | ||
| 526 | _aP161 | ||
| 526 | _aP160 | ||
| 526 | _aP148 | ||
| 526 | _aP147 | ||
| 526 | _aP146 | ||
| 526 | _aP145 | ||
| 526 | _aP144 | ||
| 526 | _aP143 | ||
| 526 | _aP142 | ||
| 526 | _aP141 | ||
| 526 | _aP140 | ||
| 526 | _aP139 | ||
| 526 | _aP138 | ||
| 526 | _aP137 | ||
| 526 | _aP136 | ||
| 526 | _aP135 | ||
| 526 | _aP134 | ||
| 526 | _aP133 | ||
| 526 | _aP129 | ||
| 526 | _aP128 | ||
| 526 | _aP127 | ||
| 526 | _aP120 | ||
| 526 | _aP119 | ||
| 526 | _aP118 | ||
| 526 | _aP116 | ||
| 526 | _aP115 | ||
| 526 | _aP114 | ||
| 526 | _aP110 | ||
| 526 | _aP109 | ||
| 526 | _aP108 | ||
| 526 | _aP104 | ||
| 526 | _aP103 | ||
| 526 | _aP102 | ||
| 526 | _aP99 | ||
| 526 | _aP98 | ||
| 526 | _aP97 | ||
| 526 | _aP96 | ||
| 526 | _aP95 | ||
| 526 | _aP93 | ||
| 526 | _aP90 | ||
| 526 | _aP89 | ||
| 526 | _aP88 | ||
| 526 | _aP83 | ||
| 526 | _aP82 | ||
| 526 | _aP62 | ||
| 526 | _aP59 | ||
| 526 | _aP58 | ||
| 526 | _aP57 | ||
| 526 | _aP51 | ||
| 526 | _aP49 | ||
| 526 | _aP48 | ||
| 526 | _aP47 | ||
| 526 | _aP29 | ||
| 526 | _aP24 | ||
| 526 | _aP20 | ||
| 526 | _aP19 | ||
| 526 | _aP17 | ||
| 526 | _aP15 | ||
| 526 | _aP14 | ||
| 526 | _aP12 | ||
| 526 | _aP10 | ||
| 526 | _aP09 | ||
| 526 | _aP08 | ||
| 526 | _aP07 | ||
| 526 | _aP06 | ||
| 526 | _aP05 | ||
| 526 | _aP04 | ||
| 526 | _aP01 | ||
| 541 | _g001-003364; | ||
| 650 | 0 | 4 |
_aNiños _xAbuso _vPsicología. |
| 650 | 0 | 4 |
_aNiños _xAbuso _vIdentificación. |
| 650 | 0 | 4 |
_aNiños _xAbuso _vRelaciones familiares. |
| 650 | 0 | 4 |
_aPadres abusivos _xPsicología. |
| 700 | 1 |
_aWekerle, Christine, _eeditor. |
|
| 910 | _agl20110906 | ||
| 942 |
_2ddc _cBOOK |
||
| 949 |
_a362.76 M1 _wDEWEY _c1 _i63598 _lCCODEBUL1 _mBUL _p36.00 _r0 _sY _tLIBRO _u2015-07-06 _xSALUD _PP33 _o.STAFF. Colección Ciencias de la Salud |
||
| 994 |
_aC0 _bPEPRU |
||
| 596 | _a1 | ||
| 999 |
_a362.76 M1 _wDEWEY _c52504 _i63598 _d52504 _e2018-5-25 _f2021-11-3 _g6 _lCCODEBUL1 _mBUL _n10 _p36.00 _q5 _r0 _sY _tBOOK _u2015-7-6 _xSALUD _zP33 _0COMPRA _o.STAFF. Colección Ciencias de la Salud |
||
| 980 |
_81 _gALBERTO SANCHEZ Responsable de Automatización |
||